Rest in Peace (Record no. 137882)

MARC details
000 -LEADER
fixed length control field 00563nam a22002177a 4500
003 - CONTROL NUMBER IDENTIFIER
control field OSt
005 - DATE AND TIME OF LATEST TRANSACTION
control field 20260407122439.0
008 - FIXED-LENGTH DATA ELEMENTS--GENERAL INFORMATION
fixed length control field 260407b |||||||| |||| 00| 0 eng d
020 ## - INTERNATIONAL STANDARD BOOK NUMBER
International Standard Book Number 978-93-5962-299-6
040 ## - CATALOGING SOURCE
Transcribing agency SBCL
082 ## - DEWEY DECIMAL CLASSIFICATION NUMBER
Classification number 894.8123
Item number JOS-R
100 ## - MAIN ENTRY--PERSONAL NAME
Personal name Jose,Lajo
245 ## - TITLE STATEMENT
Title Rest in Peace
250 ## - EDITION STATEMENT
Edition statement 15th ed.
260 ## - PUBLICATION, DISTRIBUTION, ETC.
Place of publication, distribution, etc. Kozhokode
Name of publisher, distributor, etc. Mathrubhumi Books
Date of publication, distribution, etc. 2026
300 ## - PHYSICAL DESCRIPTION
Extent 178p.
630 ## - SUBJECT ADDED ENTRY--UNIFORM TITLE
General subdivision Literature & rhetoric
650 ## - SUBJECT ADDED ENTRY--TOPICAL TERM
Topical term or geographic name entry element Literatures of other languages
650 ## - SUBJECT ADDED ENTRY--TOPICAL TERM
Topical term or geographic name entry element Altaic, Uralic, Hyperborean & Dravidian
942 ## - ADDED ENTRY ELEMENTS (KOHA)
Koha item type BOOK

No items available.

Powered by Koha